| 000 | 00671nam a22002057a 4500 | ||
|---|---|---|---|
| 005 | 20171208113554.0 | ||
| 010 | _aENG-121807 | ||
| 020 |
_a9780198069263 _c695.00 |
||
| 035 | _aEN-105339 | ||
| 037 | _bDBAD/PUB | ||
| 082 | _a791.430954 | ||
| 245 |
_aBeyond the boundaries of bollywood : _bthe many form of hindi cineme / _cedited by Rchel,Dwyer [and] Jerry,Pinto |
||
| 260 |
_aNew Delhi _bOxford University Press _c2011 |
||
| 270 |
_aYMCA Library Building, Jai Singh Press _bNew Delhi _e110001 |
||
| 300 |
_axx,280p. _c23(Hb) |
||
| 500 | _aIncludes index | ||
| 700 | _aDwyer, Rchel | ||
| 700 | _aPinto,Jerry | ||
| 942 |
_2ddc _cEN _h791.430954 _mBEY |
||
| 999 |
_c147910 _d147910 |
||